000 00858nam a22002177a 4500
999 _c2085
_d2085
003 AR-CdUCM
008 190301b ||||| |||| 00| 0 spa d
040 _aMUNICIPALIDAD PROVINCIAL DEL CUSCO
_cBIBLIOTECA MUNICIPAL DEL CUSCO
082 _a330.5 /
_bL54
100 _aLevano de Rsi, Cecilia
_97539
245 _aReformas estructurales, distribución del ingreso y ahorro familiar en el Perú /
260 _aLima :
_bCIE,
_c1998.
300 _a76 páginas ;
_c21 cm.
440 _aInvestigaciones breves
_n8
_97540
505 _aDeterminantes de ahorro de familias -- Las reformas estructurales y el impacto en el ahorro en las familias -- Evidencia empírica en el caso peruano...
650 _aAhorro familiar.
_97541
650 _aIngreso familiar.
_97542
700 _aLlontop Ledesma, Pedro
_97543
942 _2ddc
_cLIBROS
945 _awfj
_d2019-02-01